000 00336 a2200157 4500
001 169634
020 _a85-89020-09-6
040 _cMagnum
100 _aBojunga, Lygia
240 1 0 _aO sofá estampado
_lpor
245 1 0 _aO sofá estampado
300 _a204
362 0 _a2007
697 _aLITERATURA INFANTO-JUVENIL
942 _cBK
999 _c169634
_d169634